000 00689nam a22002777a 4500
001 BR9405606
003 BR-BrBNA
005 20230928094320.0
007 ta
008 230509b bl.||||| |||| 00| 0 por d
040 _aBR-BrBNA
_bpor
_cBiblioteca Nacional de Agricultura
041 _a(Por)
072 _aN20
_b4510
090 _ 4510 BR9405606
100 1 _aAnon.
245 1 _aSistematizacao de solos
250 1 _a3. ed.
260 3 _a[np](Brasil):
_bCaterpillar,
_c1989.
300 _a18 p.
500 _a20 illus.
650 _aTrator de Esteira
650 _aTrator de Roda
650 _aMecanizacao Agricola
909 _a202309
_bLucia
_c55
_dLucia Elande
942 _cBK
999 _c50016
_d50016